| 000 | 00480nam a2200193Ia 4500 | ||
|---|---|---|---|
| 005 | 20250923145322.0 | ||
| 008 | 008 250917s9999 xx 000 0 eng d | ||
| 037 | _aTextual | ||
| 040 |
_aDSWL _beng _cDSWL |
||
| 041 |
_aeng _2eng |
||
| 084 | _qDSWL | ||
| 245 | 0 | _aContemporary crisis Vol II ( 1972 contributions to No. V Dec. 1971) | |
| 260 | _c1978 | ||
| 300 | _a464 p. | ||
| 365 |
_aINR _b15 . 0 |
||
| 925 | _g15 . 0 | ||
| 942 | _cTEXL | ||
| 999 |
_c1449917 _d1449917 |
||